| 000 | 00548nam a2200205 i 4500 | ||
|---|---|---|---|
| 001 | bg | ||
| 100 | 1 | _aPRUSAK, Feliks | |
| 245 | 1 | 0 |
_aUstawa karna skarbowa z komentarzem / _cFeliks Prusak. |
| 250 | _aStan prawny na dzień 10 października 1992 r. | ||
| 300 |
_a512 s. ; _c21 cm. |
||
| 504 | _aBibliogr. s. 498-507. | ||
| 650 | 9 |
_aFinanse _xprawo karne _zPolska |
|
| 020 | _a8321906214 | ||
| 040 | _cBPK | ||
| 041 | 0 | _apl | |
| 080 | _a343::336(438) | ||
| 920 | _a83-219-0621-4 | ||
| 942 | _cKS | ||
| 008 | s pl f |000 0 pol | ||
| 999 |
_c33056 _d33056 |
||
| 856 |
_uhttp://koha.tu.koszalin.pl/cgi-bin/koha/opac-detail.pl?biblionumber=33056 _yKatalog online BPK |
||